Library Logo

এবারের সংগ্রাম স্বাধীনতার সংগ্রাম / (Record no. 100230)

000 -LEADER
fixed length control field 00696nam a22001817a 4500
003 - CONTROL NUMBER IDENTIFIER
control field BD-DhUL
005 - DATE AND TIME OF LATEST TRANSACTION
control field 20160822110032.0
008 - FIXED-LENGTH DATA ELEMENTS--GENERAL INFORMATION
fixed length control field 160822b1972 bg ||||| |||| 000 0 b d
040 ## - CATALOGING SOURCE
Original cataloging agency BD-DhUL
Transcribing agency BD-DhUL
082 ## - DEWEY DECIMAL CLASSIFICATION NUMBER
Classification number 954.92
Item number HOA
100 ## - MAIN ENTRY--PERSONAL NAME
Personal name হক, গাজীউল
245 ## - TITLE STATEMENT
Title এবারের সংগ্রাম স্বাধীনতার সংগ্রাম /
Statement of responsibility, etc. গাজীউল হক
260 ## - PUBLICATION, DISTRIBUTION, ETC. (IMPRINT)
Place of publication, distribution, etc. ঢাকা :
Name of publisher, distributor, etc. পুঁথিপত্র ,
Date of publication, distribution, etc. 1972.
300 ## - PHYSICAL DESCRIPTION
Extent ১৫০ পৃ. :
Other physical details সম্মুখ চিত্র ;
Dimensions ২২ সেমি.
650 ## - SUBJECT ADDED ENTRY--TOPICAL TERM
Topical term or geographic name as entry element বাংলাদেশ - ইতিহাস
650 ## - SUBJECT ADDED ENTRY--TOPICAL TERM
Topical term or geographic name as entry element Bangladesh - History
942 ## - ADDED ENTRY ELEMENTS (KOHA)
Source of classification or shelving scheme
Koha item type Books
Holdings
Price effective from Date last seen Permanent Location Not for loan Date acquired Source of classification or shelving scheme Koha item type Lost status Withdrawn status Copy number Source of acquisition Collection code Damaged status Shelving location Barcode Current Location Full call number
2016-08-222016-08-22Dhaka University Library 2016-08-22 Books  5purchasedNon Fiction FictionA83749Dhaka University Library954.92 HOA
Last Updated on September 15, 2019
© Dhaka University Library. All Rights Reserved|Staff Login